[Event "FRA-chT2 East 0809"]
[Site "France"]
[Date "2009.03.15"]
[Round "9.2"]
[White "Todorov, Ognjan"]
[Black "Laurent, Maxime"]
[Result "1/2-1/2"]
[WhiteElo "2303"]
[BlackElo "2051"]
[PlyCount "70"]
[EventDate "2008.10.19"]
[EventType "team-tourn"]
[EventRounds "11"]
[EventCountry "FRA"]
[SourceTitle "EXT 2010"]
[Source "ChessBase"]
[SourceDate "2010.11.25"]
[SourceVersion "1"]
[SourceVersionDate "2010.11.25"]
[SourceQuality "1"]
[WhiteTeam "Montrevel en Bresse"]
[BlackTeam "Mulhouse III"]
[WhiteTeamCountry "FRA"]
[BlackTeamCountry "FRA"]

1. d4 Nf6 2. Nf3 g6 3. c4 Bg7 4. g3 0-0 5. Bg2 d5 6. cxd5 Nxd5 7. 0-0 c6 8. e4 Nb6 9. h3 N8d7 10. Nc3 Qc7 11. Bg5 Re8 12. Rc1 h6 13. Bf4 Qd8 14. b3 Kh7 15. a4 a5 16. Be3 e6 17. Qc2 f5 18. Ne5 Nxe5 19. dxe5 Bxe5 20. Rfd1 Nd7 21. f4 Bg7 22. Rd6 Bf8 23. Rd3 Qe7 24. Nd1 Qf7 25. Nf2 Nf6 26. Rcd1 fxe4 27. Nxe4 Nd5 28. Bc5 Bxc5+ 29. Qxc5 Qg7 30. Nd2 Qe7 31. Qf2 Qc7 32. Nc4 Rd8 33. Ne5 Rf8 34. h4 Qb6 35. Qxb6 Nxb6 1/2-1/2

[Event "FRA-chT2 East 0809"]
[Site "France"]
[Date "2009.01.18"]
[Round "6.6"]
[White "Schaeffer, Vincent"]
[Black "Laurent, Maxime"]
[Result "1/2-1/2"]
[WhiteElo "1883"]
[BlackElo "2051"]
[PlyCount "67"]
[EventDate "2008.10.19"]
[EventType "team-tourn"]
[EventRounds "11"]
[EventCountry "FRA"]
[SourceTitle "EXT 2010"]
[Source "ChessBase"]
[SourceDate "2010.11.25"]
[SourceVersion "1"]
[SourceVersionDate "2010.11.25"]
[SourceQuality "1"]
[WhiteTeam "Bischwiller II"]
[BlackTeam "Mulhouse III"]
[WhiteTeamCountry "FRA"]
[BlackTeamCountry "FRA"]

1. e4 e6 2. d4 d5 3. exd5 exd5 4. Nf3 Nf6 5. c4 Be7 6. Be2 0-0 7. 0-0 Nbd7 8. Nc3 dxc4 9. Bxc4 Nb6 10. Be2 Bg4 11. h3 Bh5 12. Qc2 Nfd5 13. Nxd5 Nxd5 14. Qb3 Rb8 15. Rd1 c6 16. Bc4 Qd6 17. Bxd5 cxd5 18. Bd2 Rfd8 19. Re1 Bxf3 20. Qxf3 Qf6 21. Qxf6 Bxf6 22. Be3 Rbc8 23. Rac1 Kf8 24. Kf1 Rxc1 25. Rxc1 Rd7 26. Ke2 Bd8 27. Kd3 Bb6 28. Rc2 Ke7 29. Rc1 f6 30. Rc2 Rd8 31. Bf4 Kd7 32. f3 Rc8 33. Rxc8 Kxc8 34. Bd6 1/2-1/2

[Event "FRA-chT2 East 0809"]
[Site "France"]
[Date "2008.12.14"]
[Round "4.4"]
[White "Desboeufs, Alexandre"]
[Black "Laurent, Maxime"]
[Result "1/2-1/2"]
[WhiteElo "2040"]
[BlackElo "2054"]
[PlyCount "35"]
[EventDate "2008.10.19"]
[EventType "team-tourn"]
[EventRounds "11"]
[EventCountry "FRA"]
[SourceTitle "EXT 2010"]
[Source "ChessBase"]
[SourceDate "2010.11.25"]
[SourceVersion "1"]
[SourceVersionDate "2010.11.25"]
[SourceQuality "1"]
[WhiteTeam "Mulhouse IV"]
[BlackTeam "Mulhouse III"]
[WhiteTeamCountry "FRA"]
[BlackTeamCountry "FRA"]

1. e4 e6 2. d4 d5 3. Nd2 Nf6 4. e5 Nfd7 5. Bd3 c5 6. c3 Nc6 7. Ne2 cxd4 8. cxd4 f6 9. exf6 Nxf6 10. 0-0 Bd6 11. Nf3 Qc7 12. Ng3 0-0 13. Re1 e5 14. dxe5 Nxe5 15. Nxe5 Bxe5 16. Qc2 Qxc2 17. Bxc2 Ng4 18. Bb3 1/2-1/2

[Event "FRA-chT2 East 0809"]
[Site "France"]
[Date "2008.11.23"]
[Round "3.3"]
[White "Schneider, Heiko"]
[Black "Laurent, Maxime"]
[Result "1-0"]
[WhiteElo "2223"]
[BlackElo "2054"]
[PlyCount "49"]
[EventDate "2008.10.19"]
[EventType "team-tourn"]
[EventRounds "11"]
[EventCountry "FRA"]
[SourceTitle "EXT 2010"]
[Source "ChessBase"]
[SourceDate "2010.11.25"]
[SourceVersion "1"]
[SourceVersionDate "2010.11.25"]
[SourceQuality "1"]
[WhiteTeam "Mundolsheim"]
[BlackTeam "Mulhouse III"]
[WhiteTeamCountry "FRA"]
[BlackTeamCountry "FRA"]

1. e4 e6 2. d4 d5 3. Nd2 Nf6 4. e5 Nfd7 5. c3 c5 6. f4 Nc6 7. Ndf3 Qb6 8. g3 cxd4 9. cxd4 Bb4+ 10. Kf2 g5 11. fxg5 Ndxe5 12. Nxe5 Nxe5 13. Kg2 Nc6 14. Nf3 Bf8 15. b3 Bg7 16. Bb2 Bd7 17. Rc1 Ne7 18. Bd3 Bb5 19. Bb1 Qa6 20. Re1 Bc6 21. Qd2 0-0-0 22. a4 Ng6 23. Bd3 Qb6 24. b4 Kb8 25. a5 1-0

[Event "FRA-chT2 East 0809"]
[Site "France"]
[Date "2008.11.22"]
[Round "2.4"]
[White "Laurent, Maxime"]
[Black "Ricter, Jean Paul"]
[Result "1/2-1/2"]
[WhiteElo "2054"]
[BlackElo "2152"]
[PlyCount "73"]
[EventDate "2008.10.19"]
[EventType "team-tourn"]
[EventRounds "11"]
[EventCountry "FRA"]
[SourceTitle "EXT 2010"]
[Source "ChessBase"]
[SourceDate "2010.11.25"]
[SourceVersion "1"]
[SourceVersionDate "2010.11.25"]
[SourceQuality "1"]
[WhiteTeam "Mulhouse III"]
[BlackTeam "Strasbourg II"]
[WhiteTeamCountry "FRA"]
[BlackTeamCountry "FRA"]

1. Nf3 Nf6 2. d4 c5 3. d5 b5 4. c4 Bb7 5. a4 b4 6. Qc2 g6 7. e4 d6 8. b3 Bg7 9. Bb2 0-0 10. Nbd2 Nbd7 11. h3 e5 12. Bd3 Nh5 13. g3 Nb6 14. 0-0-0 Nc8 15. Nh4 Ne7 16. Be2 Nf6 17. Ng2 Ne8 18. g4 Bc8 19. Bd3 Bh6 20. Rdg1 Kh8 21. f3 f6 22. h4 Bxd2+ 23. Qxd2 Ng7 24. f4 Bxg4 25. Ne3 Bh5 26. Qg2 Qd7 27. f5 Rg8 28. Qf2 Raf8 29. Kc2 gxf5 30. exf5 Ne8 31. Bc1 Rxg1 32. Rxg1 Rg8 33. Ng2 Bg4 34. Ne3 Bh5 35. Ng2 Ng7 36. Ne3 Ne8 37. Ng2 1/2-1/2

[Event "FRA-chT2 East 0809"]
[Site "France"]
[Date "2008.10.19"]
[Round "1.6"]
[White "Vigneron, Jean"]
[Black "Laurent, Maxime"]
[Result "0-1"]
[WhiteElo "1899"]
[BlackElo "2054"]
[PlyCount "72"]
[EventDate "2008.10.19"]
[EventType "team-tourn"]
[EventRounds "11"]
[EventCountry "FRA"]
[SourceTitle "EXT 2010"]
[Source "ChessBase"]
[SourceDate "2010.11.25"]
[SourceVersion "1"]
[SourceVersionDate "2010.11.25"]
[SourceQuality "1"]
[WhiteTeam "Vandoeuvre II"]
[BlackTeam "Mulhouse III"]
[WhiteTeamCountry "FRA"]
[BlackTeamCountry "FRA"]

1. d4 Nf6 2. Bf4 g6 3. e3 Bg7 4. Nf3 0-0 5. Be2 d6 6. h3 Nbd7 7. 0-0 b6 8. c4 Bb7 9. Nc3 Re8 10. Qc2 e5 11. Bh2 exd4 12. exd4 Ne4 13. Nxe4 Bxe4 14. Qd2 Nf6 15. d5 Bf5 16. Nd4 Ne4 17. Qd1 Bd7 18. Rb1 Qf6 19. Nc2 Bh6 20. f4 Qh4 21. Qe1 Qxe1 22. Rfxe1 Bg7 23. Bd3 Nc5 24. Bf1 Bf5 25. Rxe8+ Rxe8 26. Re1 Rxe1 27. Nxe1 Bd4+ 28. Kh1 Bxb2 29. Bg1 Ne4 30. Kh2 Nd2 31. Be2 Bb1 32. a4 Ba2 33. Nf3 Nxf3+ 34. gxf3 Bb3 35. a5 bxa5 36. Bxa7 a4 0-1

[Event "FRA-ch op-A"]
[Site "Pau"]
[Date "2008.08.21"]
[Round "9"]
[White "Laurent, Maxime"]
[Black "Ralle, Pierre"]
[Result "1/2-1/2"]
[WhiteElo "2033"]
[BlackElo "2113"]
[PlyCount "205"]
[EventDate "2008.08.11"]
[EventType "swiss"]
[EventRounds "9"]
[EventCountry "FRA"]
[SourceTitle "CBM 126 Extra"]
[Source "ChessBase"]
[SourceDate "2008.11.05"]
[SourceVersion "1"]
[SourceVersionDate "2008.11.05"]
[SourceQuality "1"]

1. Nf3 Nf6 2. g3 b6 3. Bg2 Bb7 4. 0-0 e6 5. c4 d5 6. b3 Nbd7 7. Bb2 Bd6 8. d3 0-0 9. Qc2 c5 10. Nbd2 e5 11. cxd5 Bxd5 12. Nc4 Bc7 13. Ncxe5 Nxe5 14. Bxe5 Bxe5 15. Nxe5 Bxg2 16. Kxg2 Qd5+ 17. Nf3 Rfe8 18. Rfe1 Re6 19. Qc4 Qb7 20. b4 cxb4 21. Qxb4 b5 22. Rac1 a5 23. Qc5 b4 24. e4 Ree8 25. Nd4 h6 26. Nf5 Qa6 27. Qc4 Qxc4 28. Rxc4 Rad8 29. Nd4 Nd7 30. Nc6 Nb6 31. Nxd8 Nxc4 32. Nc6 Re6 33. Nxb4 axb4 34. dxc4 Ra6 35. Rb1 Rxa2 36. Rxb4 Kf8 37. Rb7 Rc2 38. Rc7 g5 39. Kf3 Kg7 40. Rc6 h5 41. h3 Rc3+ 42. Kg2 h4 43. gxh4 gxh4 44. c5 Kf8 45. Rc8+ Ke7 46. Rh8 Rxc5 47. Rxh4 Rc3 48. Rg4 Kf6 49. f3 Ra3 50. Kg3 Ra1 51. Kf4 Rh1 52. h4 Rh3 53. Ke3 Rh2 54. Rf4+ Ke6 55. Kd3 f6 56. Ke3 Ke7 57. Rg4 Ke6 58. f4 Rh1 59. Kf3 Rh3+ 60. Kg2 Re3 61. h5 Kf7 62. f5 Re2+ 63. Kh3 Re3+ 64. Kg2 Re2+ 65. Kf3 Rh2 66. Rg2 Rxh5 67. Rc2 Rh1 68. Rc7+ Kf8 69. Ke3 Rd1 70. Ke2 Rd4 71. Kf3 Rd3+ 72. Kg4 Re3 73. Kf4 Re1 74. Rc6 Kf7 75. Re6 Ra1 76. Ke3 Rd1 77. Ra6 Ke7 78. Ra3 Rd7 79. Rd3 Ra7 80. Rb3 Rd7 81. Rb5 Rd1 82. Rd5 Re1+ 83. Kd4 Rd1+ 84. Kc5 Rc1+ 85. Kb5 Rb1+ 86. Kc6 Rc1+ 87. Rc5 Rd1 88. Rc4 Rd2 89. Kc7 Rd7+ 90. Kb8 Rd8+ 91. Kb7 Rd7+ 92. Kb6 Rd1 93. Rc7+ Kf8 94. Rc6 Kf7 95. Kc7 Rd4 96. Re6 Rc4+ 97. Kd6 Rd4+ 98. Kc5 Rd1 99. Rd6 Rc1+ 100. Kd5 Rd1+ 101. Kc6 Rc1+ 102. Kd7 Ra1 103. Kd8 1/2-1/2

[Event "FRA-ch op-A"]
[Site "Pau"]
[Date "2008.08.14"]
[Round "3"]
[White "Jaulin, Marc"]
[Black "Laurent, Maxime"]
[Result "1/2-1/2"]
[WhiteElo "2124"]
[BlackElo "2033"]
[PlyCount "76"]
[EventDate "2008.08.11"]
[EventType "swiss"]
[EventRounds "9"]
[EventCountry "FRA"]
[SourceTitle "CBM 126 Extra"]
[Source "ChessBase"]
[SourceDate "2008.11.05"]
[SourceVersion "1"]
[SourceVersionDate "2008.11.05"]
[SourceQuality "1"]

1. e4 e6 2. d4 d5 3. Nc3 Bb4 4. e5 c5 5. Bd2 Ne7 6. Nb5 Bxd2+ 7. Qxd2 0-0 8. f4 a6 9. Nd6 Qb6 10. c3 Nbc6 11. Nf3 cxd4 12. cxd4 Ng6 13. g3 Bd7 14. Be2 f6 15. 0-0-0 Nb4 16. a3 Nc6 17. h4 Na5 18. Qb4 Qc7+ 19. Kb1 Ne7 20. Rc1 Nec6 21. Qc3 b5 22. Bd3 Nc4 23. Qc2 f5 24. Rce1 Qb6 25. g4 Nxd4 26. Nxd4 Qxd4 27. gxf5 exf5 28. Bxc4 dxc4 29. Rhg1 Qxf4 30. Qg2 Qh6 31. e6 Rae8 32. Nxe8 Bxe8 33. Qd5 Kh8 34. Rg5 Qxh4 35. Reg1 Qe4+ 36. Qxe4 fxe4 37. Rxg7 Bg6 38. Ra7 Re8 1/2-1/2

[Event "FRA-chT3 Gr14 0607"]
[Site "France"]
[Date "2007.04.01"]
[Round "9.5"]
[White "Lingelser, Alain"]
[Black "Laurent, Maxime"]
[Result "0-1"]
[WhiteElo "1950"]
[BlackElo "1993"]
[PlyCount "76"]
[EventDate "2006.10.15"]
[EventType "team"]
[EventRounds "9"]
[EventCountry "FRA"]
[SourceTitle "EXT 2008"]
[Source "ChessBase"]
[SourceDate "2007.11.25"]
[SourceVersion "1"]
[SourceVersionDate "2007.11.25"]
[SourceQuality "1"]

1. c4 Nf6 2. g3 g6 3. Nc3 d5 4. cxd5 Nxd5 5. Qb3 Nb6 6. Nf3 Be6 7. Qc2 Bg7 8. Bg2 Nc6 9. a3 Qd7 10. h4 h5 11. d3 0-0 12. Bd2 Bg4 13. Be3 e5 14. Rc1 Nd4 15. Bxd4 exd4 16. Ne4 c6 17. Nc5 Qe7 18. 0-0 Rfe8 19. Rfe1 Rad8 20. a4 Bh6 21. Rb1 Rd5 22. b4 a5 23. Nb3 axb4 24. Nbxd4 Ra5 25. Nb3 Rxa4 26. Nc5 Ra5 27. d4 Rb5 28. Ne5 Nd7 29. Nxg4 hxg4 30. Nxd7 Qxd7 31. e3 Qe6 32. Bf1 Rf5 33. Bc4 Qd6 34. Bd3 Ra5 35. Qc4 Bf8 36. Bc2 Rxe3 37. fxe3 Qxg3+ 38. Kh1 Bd6 0-1

[Event "FRA-chT3 Gr14 0607"]
[Site "France"]
[Date "2007.01.21"]
[Round "5.5"]
[White "Laurent, Maxime"]
[Black "Grandadam, Patrick"]
[Result "1/2-1/2"]
[WhiteElo "1993"]
[BlackElo "1930"]
[PlyCount "43"]
[EventDate "2006.10.15"]
[EventType "team"]
[EventRounds "9"]
[EventCountry "FRA"]
[SourceTitle "EXT 2008"]
[Source "ChessBase"]
[SourceDate "2007.11.25"]
[SourceVersion "1"]
[SourceVersionDate "2007.11.25"]
[SourceQuality "1"]

1. d4 d5 2. Nf3 Nf6 3. c4 c6 4. Nc3 e6 5. e3 Nbd7 6. Bd3 dxc4 7. Bxc4 b5 8. Bd3 Bb7 9. 0-0 Be7 10. Qe2 0-0 11. e4 b4 12. Na4 c5 13. dxc5 Nxc5 14. Nxc5 Bxc5 15. e5 Nd7 16. Bxh7+ Kxh7 17. Ng5+ Kg6 18. Qd3+ f5 19. Nxe6 Qe7 20. Nf4+ Kh7 21. Qh3+ Kg8 22. Qb3+ 1/2-1/2

[Event "Metz op 23rd"]
[Site "Metz"]
[Date "2005.??.??"]
[Round "1"]
[White "Uhoda, Philippe"]
[Black "Laurent, Maxime"]
[Result "1-0"]
[WhiteElo "2166"]
[BlackElo "1769"]
[PlyCount "55"]
[EventDate "2005.04.16"]
[EventType "swiss"]
[EventRounds "9"]
[EventCountry "FRA"]
[SourceTitle "EXT 2007"]
[Source "ChessBase"]
[SourceDate "2006.11.23"]
[SourceVersion "1"]
[SourceVersionDate "2006.11.23"]
[SourceQuality "1"]

1. d4 Nf6 2. c4 g6 3. Nc3 d5 4. cxd5 Nxd5 5. e4 Nxc3 6. bxc3 Bg7 7. Bc4 c5 8. Ne2 cxd4 9. cxd4 Nc6 10. Be3 0-0 11. 0-0 Bd7 12. e5 Na5 13. Bd3 Rc8 14. Rb1 Bc6 15. Nf4 Bh6 16. Nxg6 fxg6 17. Bxh6 Rf7 18. Qg4 Kh8 19. h4 Bd5 20. Rfc1 Rxc1+ 21. Rxc1 Nc6 22. Bc4 Bxc4 23. Rxc4 Rf5 24. Qe4 Qa5 25. g4 Qxa2 26. Rc2 Qa1+ 27. Rc1 Qxd4 28. Qxd4 1-0

[Event "FRA-chT U20 0304"]
[Site "France"]
[Date "2004.05.01"]
[Round "9"]
[White "Nahed, Yann"]
[Black "Laurent, Maxime"]
[Result "1-0"]
[WhiteElo "1970"]
[BlackElo "1660"]
[PlyCount "65"]
[EventDate "2003.11.??"]
[EventType "team"]
[EventRounds "11"]
[EventCountry "FRA"]
[SourceTitle "EXT 2005"]
[Source "ChessBase"]
[SourceDate "2004.11.15"]
[SourceVersion "1"]
[SourceVersionDate "2004.11.15"]
[SourceQuality "1"]
[WhiteTeam "Paris NAO"]
[BlackTeam "Mulhouse"]
[WhiteTeamCountry "FRA"]
[BlackTeamCountry "FRA"]

1. e4 e6 2. d4 d5 3. Nd2 Be7 4. Ngf3 Nf6 5. e5 Nfd7 6. Bd3 c5 7. c3 Nc6 8. 0-0 cxd4 9. cxd4 0-0 10. Nb3 Qb6 11. Qc2 h6 12. Qe2 a5 13. Bb1 a4 14. Qd3 f5 15. exf6 Nxf6 16. Qg6 Kh8 17. Ne5 Nxe5 18. dxe5 Ne4 19. Be3 Qc7 20. Nd2 Qxe5 21. Nxe4 dxe4 22. Bxe4 Rf5 23. Bxf5 Qxf5 24. Qe8+ Qf8 25. Qxf8+ Bxf8 26. Rfd1 Be7 27. Rac1 b5 28. Bd4 Ba6 29. Rc7 Bf6 30. Bxf6 gxf6 31. a3 Re8 32. f3 f5 33. f4 1-0